| 000 | 00453nam a2200157Ia 4500 | ||
|---|---|---|---|
| 005 | 20241105135241.0 | ||
| 008 | 240126s9999 xx 000 0 und d | ||
| 020 | _a9781847946751 | ||
| 082 | _a330.019 GNE;1 R | ||
| 100 | _aGneezy, Uri. List, John A. | ||
| 245 | 4 | _aThe why axis : hidden motives and the undiscovered economics of everyday life | |
| 260 |
_bRandom House Books _aLondon _c2013 |
||
| 300 | _axi, 267 | ||
| 440 | _aNULL | ||
| 942 | _cPU | ||
| 999 |
_c285203 _d285203 |
||